000 00901nam a2200241 i 4500
001 32549
003 ES-MaACL
005 20250809034604.0
007 t|
008 030131s1977 sp ||||1| spa d
100 1 _aBeristain, Antonio.
_928031
245 1 0 _aCrisis del derecho represivo :
_b(orientaciones de organismos nacionales e internacionales) /
_cAntonio Beristain ; prólogo de Julio Caro Baroja.
260 _aMadrid :
_bCuadernos para el Diálogo,
_c1977.
300 _a277 p. ;
_c18 cm.
490 1 _aDivulgación universitaria. Estudios jurídicos ;
_v125
504 _aBibliografía: p. 255-262.
650 0 7 _aDerecho penal
_2embne
_911749
700 1 _aCaro Baroja, Julio,
_d1914-1995
_935403
710 2 _aCuadernos para el Diálogo.
_93333
830 1 _aDivulgación universitaria. Estudios jurídicos ;
_v125
_9226555
852 _aES-MaACL
_jA-7868
999 _c32549
_d32549